000 00749nam a2200241Ia 4500
003 OSt
005 20220923222956.0
006 a|||||r|||| 00| 0
007 ta
008 220922b |||||||| |||| 00| 0 hin d
024 _a209,446
037 _cTextual
040 _aARTS
_cARTS
_bhin
041 _2hin
_ahin
082 _aO152,3NAN,5, L7
100 _aअनंत, अभिमन्यु
_9156272
245 0 _aचौथा प्राणी
246 _aChauthā prāṇī
260 _aदिल्ली
_b ऋृषभचरण जैन एंव संतति
_c1977
300 _a174पृ.
_ccm.
942 _hO152,3NAN,5, L7
_cTEXL
_2CC
999 _c360019
_d360019